Transnational law & contemporary problems a journal of the University of Iowa College of Law.

Bibliographic Details
Corporate Author: University of Iowa. College of Law
Format: Electronic Journal
Language:English
Published: Iowa City, Iowa : University of Iowa College of Law, ©1991-
Subjects:
Online Access:Full text available from Research Library: 10/01/2013 to present

MARC

LEADER 00000nas a2200000 a 4500
001 ssj0008785
003 WaSeSS
005 20200512172242.0
006 m d
007 cr n
008 030120c19919999iautr pss 0 0eng c
010 |a  2009236975 
016 7 |a 2249666-X  |2 DE-600 
022 |y 1058-1006 
035 |a (WaSeSS)ssj0008785 
040 |a AMH  |b eng  |c AMH  |d OCLCQ  |d TKF  |d RCJ  |d NDO  |d HEBIS  |d OCLCQ  |d OCLCA  |d OCLCF  |d OCLCO  |d OCLCQ  |d OCLCE  |d OCL  |d NTG  |d AU@  |d UUM  |d WaSeSS 
042 |a pcc 
043 |a n-us-ia 
050 4 |a K24  |b .R35 
082 0 4 |a 341  |2 20 
130 0 |a Transnational law & contemporary problems (Online) 
245 1 0 |a Transnational law & contemporary problems  |h [electronic resource] :  |b a journal of the University of Iowa College of Law. 
246 3 |a Transnational law and contemporary problems 
246 1 3 |a TLCP 
260 |a Iowa City, Iowa :  |b University of Iowa College of Law,  |c ©1991- 
310 |a Three no. a year,  |b winter 2007- 
321 |a Semiannual,  |b 1991-2006 
362 0 |a Vol. 1, no. 1 (spring 1991)- 
506 |a License restrictions may limit access. 
538 |a Mode of access: World Wide Web. 
588 |a Latest issue consulted: Vol. 17, no. 3 (fall 2008) (viewed Feb. 23, 2009). 
650 0 |a International law  |v Periodicals. 
650 0 |a Law  |v Periodicals. 
650 0 |a International relations  |v Periodicals. 
650 0 |a Law reviews  |z Iowa. 
650 7 |a International law.  |2 fast  |0 (OCoLC)fst00976984 
650 7 |a International relations.  |2 fast  |0 (OCoLC)fst00977053 
650 7 |a Law.  |2 fast  |0 (OCoLC)fst00993678 
650 7 |a Law reviews.  |2 fast  |0 (OCoLC)fst00994120 
650 1 7 |a Internationaal recht.  |2 gtt 
651 7 |a Iowa.  |2 fast  |0 (OCoLC)fst01205835 
655 0 |a Electronic journals. 
710 2 |a University of Iowa.  |b College of Law. 
776 0 8 |i Print version:  |t Transnational law & contemporary problems  |x 1058-1006  |w (DLC) 91647805  |w (OCoLC)23887639 
856 4 0 |z Full text available from Research Library: 10/01/2013 to present  |u https://search.proquest.com/publication/2032727